| 000 | 00000nam##2200000za#4500 |
| 001 | 9.573994 |
| 003 | CaOODSP |
| 005 | 20210624183952 |
| 007 | cr ||||||||||| |
| 008 | 150406|1998||||xxc|||||o f|0| 0 eng|d |
| 022 | |a1488-5379 |
| 040 | |aCaOODSP|beng |
| 043 | |an-cn--- |
| 086 | 1 |aFs97-6/2218E-PDF |
| 110 | 1 |aCanada. |bDepartment of Fisheries and Oceans. |bMaritimes Region. |
| 245 | 10|aSharing the waters : |h[electronic resource]|ban evaluation of site fallowing, year class separation and distances between sites for fish health purposes on Atlantic salmon farms / |cby James E. Stewart. |
| 260 | |aDartmouth - Nova Scotia : |bFisheries and Oceans Canada. |cc1998. |
| 300 | |a64p.|bfig., graphs, maps, references, tables |
| 490 | 1 |aCanadian technical report of fisheries and aquatic sciences|x1488-5379|vNo. 2218 |
| 500 | |aThe catalogue number (FS97-6/2218E) and ISSN (0706-6457) for the print edition have been incorrectly copied in this electronic publication. |
| 546 | |a(Résumé en français) |
| 590 | |a12-22-Supp|b2012-05-24 |
| 720 | 1 |aStewart, James E. |
| 776 | 0#|tSharing the waters : |w(CaOODSP)9.614605 |
| 830 | #0|aCanadian technical report of fisheries and aquatic sciences,|x1488-5379|vNo. 2218|w(CaOODSP)9.504449 |
| 856 | 40|ahttp://publications.gc.ca|qPDF|s4.86 MB|uhttps://publications.gc.ca/collections/collection_2012/mpo-dfo/Fs97-6-2218-eng.pdf|yNo. 2218 |